[Event "GER Cup Net Final-B U2000"]
[White "Ensslinger, Colin"]
[Black "Rost, Detlef"]
[Site "Playchess.com INT"]
[Round "4"]
[Result "0-1"]
[Date "2020.06.06"]
[WhiteElo "1788"]
[BlackElo "1705"]
[PlyCount "117"]
[EventDate "2020.06.06"]
[EventType "swiss (blitz)"]
[EventRounds "13"]
[EventCountry "GER"]
[SourceTitle "CBM 197 Extra"]
[Source "ChessBase"]
[SourceDate "2020.09.30"]
[SourceVersion "1"]
[SourceVersionDate "2020.09.30"]
[SourceQuality "1"]

1. b3 Nf6 2. Bb2 g6 3. Nf3 Bg7 4. e3 d5 5. Be2 0-0 6. 0-0 c5 7. c4 dxc4 8. Bxc4 Nc6 9. d4 cxd4 10. Nxd4 Nxd4 11. Qxd4 Nh5 12. Qxd8 Rxd8 13. Bxg7 Nxg7 14. Nc3 a6 15. Rad1 Bg4 16. f3 Be6 17. Bd5 Bxd5 18. Rxd5 e6 19. Rxd8+ Rxd8 20. Rd1 Rxd1+ 21. Nxd1 Nf5 22. Kf2 Kf8 23. Nc3 Ke7 24. Ne4 b6 25. g4 Nd6 26. Nd2 f5 27. h3 Nb5 28. Nc4 Nc3 29. Nxb6 Nxa2 30. Nc4 Nb4 31. Ke2 Kf6 32. Nd6 Nc6 33. Ne8+ Ke7 34. Nc7 a5 35. Nb5 e5 36. Na3 Ke6 37. Nc4 Kd5 38. Kd3 e4+ 39. Ke2 exf3+ 40. Kxf3 Ne5+ 41. Nxe5 Kxe5 42. g5 Kd5 43. Ke2 Ke4 44. Kd2 f4 45. exf4 Kxf4 46. Kc3 Kxg5 47. Kc4 Kh4 48. Kb5 Kxh3 49. Kxa5 g5 50. b4 g4 51. b5 g3 52. b6 g2 53. b7 g1Q 54. b8Q Qa1+ 55. Kb6 Qb1+ 56. Kc7 Qxb8+ 57. Kxb8 Kg3 58. Kb7 h5 59. Kc6 0-1

[Event "GER Cup Net V2 U2000"]
[White "Deckert, Frank2"]
[Black "Rost, Detlef"]
[Site "Playchess.com INT"]
[Round "5"]
[Result "0-1"]
[Date "2020.05.22"]
[WhiteElo "1600"]
[BlackElo "1693"]
[PlyCount "90"]
[EventDate "2020.05.22"]
[EventType "swiss (blitz)"]
[EventRounds "9"]
[EventCountry "GER"]
[SourceTitle "EXT 2021"]
[Source "ChessBase"]
[SourceDate "2020.10.23"]
[SourceVersion "1"]
[SourceVersionDate "2020.10.23"]
[SourceQuality "1"]

1. c4 e6 2. Nc3 d5 3. cxd5 exd5 4. d4 Nf6 5. g3 c6 6. Bg2 Be7 7. Nf3 0-0 8. 0-0 Re8 9. e3 Nbd7 10. a3 Nf8 11. b4 a6 12. Bb2 Bg4 13. h3 Bh5 14. Kh2 Ne4 15. Ne2 Ne6 16. Rc1 Bd6 17. Nf4 Nxf4 18. gxf4 h6 19. Qc2 Qd7 20. Ne5 Bxe5 21. fxe5 Bg6 22. Bxe4 Bxe4 23. Qe2 Qf5 24. f4 Bd3 25. Qg2 Bxf1 26. Rxf1 Qe4 27. Qg3 a5 28. Rg1 g6 29. h4 h5 30. Qg5 Kh7 31. Qf6 Rf8 32. Rg2 axb4 33. axb4 Qxe3 34. f5 Qf4+ 35. Rg3 Qxf5 36. Qxf5 gxf5 37. Rg5 Ra2 38. Rxh5+ Kg6 39. Rg5+ Kh6 40. Rg2 Kh5 41. Rg5+ Kxh4 42. Rg2 f4 43. Rf2 Kg4 44. Rg2+ Kf5 45. Rf2 Rg8 0-1

[Event "GER Cup Net V2 U2000"]
[White "Sondermann, Dirk"]
[Black "Rost, Detlef"]
[Site "Playchess.com INT"]
[Round "3"]
[Result "1-0"]
[Date "2020.05.22"]
[WhiteElo "1719"]
[BlackElo "1731"]
[PlyCount "129"]
[EventDate "2020.05.22"]
[EventType "swiss (blitz)"]
[EventRounds "9"]
[EventCountry "GER"]
[SourceTitle "EXT 2021"]
[Source "ChessBase"]
[SourceDate "2020.10.23"]
[SourceVersion "1"]
[SourceVersionDate "2020.10.23"]
[SourceQuality "1"]

1. d4 Nf6 2. Nf3 d5 3. e3 Bf5 4. c4 e6 5. Nc3 Be7 6. Bd3 Bxd3 7. Qxd3 0-0 8. 0-0 dxc4 9. Qxc4 a6 10. Bd2 Nbd7 11. Rac1 Nb6 12. Qb3 c5 13. Rfd1 c4 14. Qc2 Rc8 15. e4 h6 16. Be3 Qc7 17. h3 Rfd8 18. Qe2 Qc6 19. Bf4 Qe8 20. a3 Na4 21. Ne5 Nxc3 22. Rxc3 b5 23. Ng4 Nxg4 24. Qxg4 Kh7 25. Rg3 Qf8 26. Rf3 f6 27. h4 Qf7 28. d5 exd5 29. exd5 Rxd5 30. Re1 Rdd8 31. Rfe3 Re8 32. h5 Bc5 33. Rxe8 Rxe8 34. Rxe8 Qxe8 35. Qf5+ Kh8 36. Qxc5 Qe1+ 37. Kh2 Qe2 38. Qe3 Qxh5+ 39. Kg1 Qd1+ 40. Kh2 Qh5+ 41. Kg3 Qg6+ 42. Kf3 Kh7 43. Qe4 f5 44. Qe5 Qg4+ 45. Ke3 h5 46. g3 Qg6 47. Qe7 Qc6 48. Qe5 g6 49. Qc7+ Qxc7 50. Bxc7 g5 51. Bd8 Kg6 52. Kd4 g4 53. Kd5 Kf7 54. Bg5 Ke8 55. Kc5 Kd7 56. Kb6 Kd6 57. Kxa6 Kc6 58. Ka5 Kc5 59. Be3+ Kc6 60. Kb4 Kd5 61. Kxb5 Ke4 62. a4 Kd3 63. a5 c3 64. bxc3 Kxc3 65. a6 1-0

[Event "GER Cup Net V1 U2000"]
[White "Hoppe, Frank"]
[Black "Rost, Detlef"]
[Site "Playchess.com INT"]
[Round "6"]
[Result "1-0"]
[Date "2020.05.19"]
[WhiteElo "1834"]
[BlackElo "1761"]
[PlyCount "65"]
[EventDate "2020.05.19"]
[EventType "swiss (blitz)"]
[EventRounds "9"]
[EventCountry "GER"]
[SourceTitle "EXT 2021"]
[Source "ChessBase"]
[SourceDate "2020.10.23"]
[SourceVersion "1"]
[SourceVersionDate "2020.10.23"]
[SourceQuality "1"]

1. e4 c5 2. Nf3 Nc6 3. d4 cxd4 4. Nxd4 Nf6 5. Nc3 e5 6. Ndb5 d6 7. Be2 a6 8. Na3 b5 9. Nd5 Be7 10. Be3 0-0 11. f3 Be6 12. 0-0 Bxd5 13. exd5 Na5 14. c4 bxc4 15. Nxc4 Nd7 16. Rc1 f5 17. b4 Nxc4 18. Rxc4 Rc8 19. Qb3 Rb8 20. Rc6 a5 21. b5 Nc5 22. Bxc5 dxc5 23. d6+ Kh8 24. dxe7 Qxe7 25. a4 e4 26. Rd1 exf3 27. Bxf3 Qe5 28. Re6 Qf4 29. Qe3 Qh4 30. Qxc5 Rfe8 31. Rxe8+ Rxe8 32. Qf2 Qb4 33. b6 1-0

[Event "GER Cup Net V1 U2000"]
[White "Niebergall, Gerhard"]
[Black "Rost, Detlef"]
[Site "Playchess.com INT"]
[Round "8"]
[Result "1-0"]
[Date "2020.05.19"]
[WhiteElo "1816"]
[BlackElo "1774"]
[PlyCount "61"]
[EventDate "2020.05.19"]
[EventType "swiss (blitz)"]
[EventRounds "9"]
[EventCountry "GER"]
[SourceTitle "EXT 2021"]
[Source "ChessBase"]
[SourceDate "2020.10.23"]
[SourceVersion "1"]
[SourceVersionDate "2020.10.23"]
[SourceQuality "1"]

1. e4 c5 2. Nf3 Nc6 3. Bb5 e6 4. Bxc6 bxc6 5. d3 Ne7 6. h4 d5 7. Qe2 Ba6 8. b3 h6 9. c4 dxc4 10. dxc4 Qc7 11. h5 Ng8 12. g3 Be7 13. Bf4 Qa5+ 14. Bd2 Qd8 15. Bc3 Bf6 16. e5 Bg5 17. Nbd2 Ne7 18. Nxg5 hxg5 19. Ne4 Nf5 20. Rd1 Qb6 21. Nd6+ Nxd6 22. exd6 Kf8 23. h6 Rxh6 24. Rxh6 gxh6 25. Qh5 Ke8 26. Qxh6 Qd8 27. d7+ Ke7 28. Qxg5+ Kf8 29. Bg7+ Kg8 30. Bf6+ Kf8 31. Qg7# 1-0

[Event "GER Cup Net V1 U2000"]
[White "Rost, Detlef"]
[Black "Haase, Christian"]
[Site "Playchess.com INT"]
[Round "2"]
[Result "1-0"]
[Date "2020.05.19"]
[WhiteElo "1737"]
[BlackElo "1650"]
[PlyCount "153"]
[EventDate "2020.05.19"]
[EventType "swiss (blitz)"]
[EventRounds "9"]
[EventCountry "GER"]
[SourceTitle "EXT 2021"]
[Source "ChessBase"]
[SourceDate "2020.10.23"]
[SourceVersion "1"]
[SourceVersionDate "2020.10.23"]
[SourceQuality "1"]

1. d4 Nf6 2. c4 g6 3. Nc3 d6 4. e4 Bg7 5. Be2 0-0 6. Bg5 Nbd7 7. Qd2 c5 8. d5 a6 9. a4 Rb8 10. h3 Re8 11. Nf3 Nf8 12. 0-0 e6 13. Rfe1 Qc7 14. Rad1 exd5 15. exd5 Bf5 16. Nh4 Bd7 17. Bd3 Rxe1+ 18. Rxe1 Re8 19. Rxe8 Bxe8 20. Qe2 Qd7 21. Nf3 h6 22. Bd2 Nh5 23. b3 f5 24. Nd1 Bf7 25. Kh2 Qe8 26. Qxe8 Bxe8 27. g3 Kh7 28. Bc3 Nf6 29. Ne3 N8d7 30. Kg2 Ne4 31. Bxg7 Kxg7 32. Bxe4 fxe4 33. Nd2 Nf6 34. Ng4 e3 35. Nxe3 Bd7 36. g4 h5 37. Kg3 hxg4 38. hxg4 b5 39. axb5 axb5 40. f3 bxc4 41. bxc4 Ba4 42. Ne4 Nxe4+ 43. fxe4 Bb3 44. Kf4 Kf6 45. g5+ Ke7 46. e5 Ba2 47. Ke4 Bb3 48. exd6+ Kxd6 49. Kd3 Ke5 50. Ng4+ Kf4 51. Ne3 Kxg5 52. d6 Ba4 53. Ke4 Kh4 54. Kd5 g5 55. Kxc5 Kg3 56. Kd4 Kf3 57. c5 Kf4 58. Nd5+ Kf3 59. Ne7 g4 60. c6 g3 61. c7 g2 62. c8Q g1Q+ 63. Ke5 Qe1+ 64. Kf6 Qa1+ 65. Ke6 Qe1+ 66. Kf7 Qf1 67. Qf5+ Ke2 68. Qxf1+ Kxf1 69. Ke6 Bb5 70. Kd5 Ba4 71. Nc6 Bb3+ 72. Ke5 Ba4 73. Kd5 Bxc6+ 74. Kxc6 Kf2 75. d7 Ke3 76. d8Q Kf4 77. Qe7 1-0

[Event "GER-ch Net Amateur Gr-B Vor3"]
[White "Ullrich, Jan"]
[Black "Rost, Detlef"]
[Site "Playchess.com INT"]
[Round "5"]
[Result "0-1"]
[Date "2020.04.16"]
[WhiteElo "1578"]
[BlackElo "1717"]
[PlyCount "120"]
[EventDate "2020.04.16"]
[EventType "swiss (blitz)"]
[EventRounds "9"]
[EventCountry "GER"]
[SourceTitle "CBM 195 Extra"]
[Source "ChessBase"]
[SourceDate "2020.05.31"]
[SourceVersion "1"]
[SourceVersionDate "2020.05.31"]
[SourceQuality "1"]

1. e4 c5 2. f4 d5 3. exd5 Qxd5 4. Nf3 Nc6 5. g3 Bg4 6. Bg2 Qd8 7. 0-0 e6 8. c3 Nf6 9. d3 Be7 10. Be3 0-0 11. d4 cxd4 12. cxd4 Nd5 13. Qe2 Qa5 14. Bd2 Qb6 15. Bc3 Rfd8 16. Nbd2 Rac8 17. Nc4 Qa6 18. h3 Bh5 19. Rf2 Ncb4 20. Bf1 Nxc3 21. bxc3 Nd5 22. Qe5 Bg6 23. Nfd2 Bf6 24. Qe1 Qa4 25. Qc1 b5 26. Nb2 Qa5 27. Nb3 Qb6 28. Nc5 Rxc5 29. dxc5 Qxc5 30. Nd3 Qxc3 31. Qxc3 Bxc3 32. Rc1 Bd4 33. Ne5 Bxf2+ 34. Kxf2 Be4 35. Bg2 Bxg2 36. Kxg2 Nb4 37. Kf3 f6 38. Ng4 Nd3 39. Rd1 Rd7 40. Ke3 Nc5 41. Rxd7 Nxd7 42. Kd4 Kf7 43. Kc3 a6 44. Kb4 Nb6 45. Ne3 Nd5+ 46. Kc5 Nxe3 47. Kb6 e5 48. Kxa6 b4 49. Kb5 Nc2 50. Kc4 exf4 51. gxf4 Ke6 52. Kb3 Nd4+ 53. Kxb4 Nc6+ 54. Kb5 Kd5 55. a4 g5 56. fxg5 fxg5 57. a5 h5 58. a6 g4 59. hxg4 hxg4 60. Kb6 g3 0-1

[Event "GER-ch Net Amateur Gr-B Vor2"]
[White "Oddey, Dieter"]
[Black "Rost, Detlef"]
[Site "Playchess.com INT"]
[Round "5"]
[Result "0-1"]
[Date "2020.04.15"]
[WhiteElo "1416"]
[BlackElo "1746"]
[PlyCount "111"]
[EventDate "2020.04.15"]
[EventType "swiss (blitz)"]
[EventRounds "9"]
[EventCountry "GER"]
[SourceTitle "CBM 196 Extra"]
[Source "ChessBase"]
[SourceDate "2020.07.31"]
[SourceVersion "1"]
[SourceVersionDate "2020.07.31"]
[SourceQuality "1"]

1. c4 e6 2. Nc3 d5 3. cxd5 exd5 4. a3 Nf6 5. g3 c6 6. e3 Be7 7. Bg2 0-0 8. Nge2 Bf5 9. 0-0 Nbd7 10. d4 Re8 11. b4 a6 12. Na4 Nb6 13. Nxb6 Qxb6 14. Nc3 a5 15. bxa5 Qxa5 16. Bd2 Qd8 17. a4 Bb4 18. Nxd5 Nxd5 19. Bxd5 Bxd2 20. Bg2 Ba5 21. Rb1 Rb8 22. Qb3 Bxb1 23. Rxb1 Qd7 24. Qd3 c5 25. Rb5 b6 26. Rb1 cxd4 27. Qxd4 Qxd4 28. exd4 Re2 29. d5 Rd2 30. Re1 g6 31. Re7 Rd8 32. Bf3 Kf8 33. Rb7 R2xd5 34. Bxd5 Rxd5 35. h4 h5 36. Rb8+ Kg7 37. Re8 Rd4 38. Re5 Rxa4 39. Rg5 Ra2 40. Rb5 Rc2 41. Rb1 Rc5 42. Kg2 b5 43. f3 Bb6 44. Kf1 Bc7 45. Ke2 Bxg3 46. Kd3 Be5 47. Ke4 f6 48. f4 Rc4+ 49. Kd5 Rd4+ 50. Kc5 Rxf4 51. Rxb5 Rxh4 52. Rb7+ Kh6 53. Kd5 Rd4+ 54. Kc5 Rd2 55. Re7 h4 56. Rf7 0-1

[Event "GER-ch Net blitz qual4"]
[White "Helmer, Jan"]
[Black "Rost, Detlef"]
[Site "Playchess.com INT"]
[Round "8"]
[Result "1-0"]
[Date "2020.03.23"]
[WhiteElo "2010"]
[BlackElo "2492"]
[PlyCount "55"]
[EventDate "2020.03.23"]
[EventType "swiss (blitz)"]
[EventRounds "9"]
[EventCountry "GER"]
[SourceTitle "CBM 195 Extra"]
[Source "ChessBase"]
[SourceDate "2020.05.31"]
[SourceVersion "1"]
[SourceVersionDate "2020.05.31"]
[SourceQuality "1"]

1. d4 Nf6 2. Nf3 d5 3. e3 Bf5 4. c4 e6 5. Qb3 b6 6. cxd5 exd5 7. Nc3 c6 8. Bd2 Bd6 9. Ne5 0-0 10. Rc1 Qe7 11. f4 Ne4 12. Nxe4 Bxe4 13. Nxc6 Nxc6 14. Rxc6 Qh4+ 15. g3 Qe7 16. Rg1 Rfc8 17. Rxc8+ Rxc8 18. Bd3 Bf3 19. Kf2 Bg4 20. Rc1 Rxc1 21. Bxc1 Qb7 22. Bd2 g6 23. Bb4 Bc7 24. a4 Be6 25. Ba3 a6 26. Qc2 b5 27. axb5 axb5 28. Qc5 1-0

[Event "GER-ch Net blitz qual4"]
[White "Perestjuk, Marko"]
[Black "Rost, Detlef"]
[Site "Playchess.com INT"]
[Round "4"]
[Result "1-0"]
[Date "2020.03.23"]
[WhiteElo "2126"]
[BlackElo "2492"]
[PlyCount "55"]
[EventDate "2020.03.23"]
[EventType "swiss (blitz)"]
[EventRounds "9"]
[EventCountry "GER"]
[SourceTitle "CBM 195 Extra"]
[Source "ChessBase"]
[SourceDate "2020.05.31"]
[SourceVersion "1"]
[SourceVersionDate "2020.05.31"]
[SourceQuality "1"]

1. d4 Nf6 2. Nf3 d5 3. g3 e6 4. Bg2 Be7 5. c4 0-0 6. 0-0 c6 7. Qc2 b6 8. Nbd2 Bb7 9. Ne5 Nbd7 10. e4 dxc4 11. Ndxc4 c5 12. Rd1 Qc8 13. d5 exd5 14. exd5 Nxe5 15. Nxe5 Bd6 16. Nc4 Ne8 17. b3 Qc7 18. Bb2 Rd8 19. Re1 b5 20. Nxd6 Qxd6 21. Rad1 Qg6 22. Qxc5 Nd6 23. Re7 Rc8 24. Qb4 a6 25. Bh3 Rc2 26. Ba3 Ne4 27. Rxb7 Nxf2 28. Qxf8# 1-0